El pequeño Larousse ilustrado / (Registro nro. 23078)
[ vista simple ]
| 000 -LEADER | |
|---|---|
| fixed length control field | 00843nam a22002057a 4500 |
| 003 - CONTROL NUMBER IDENTIFIER | |
| control field | DO-CoUTE |
| 005 - DATE AND TIME OF LATEST TRANSACTION | |
| control field | 20231002091033.0 |
| 008 - FIXED-LENGTH DATA ELEMENTS--GENERAL INFORMATION | |
| fixed length control field | 231002b dr ||||| |||| 00| 0 spa d |
| 020 ## - INTERNATIONAL STANDARD BOOK NUMBER | |
| International Standard Book Number | 970-22-1428-9 |
| 040 ## - CATALOGING SOURCE | |
| Original cataloging agency | DO-CoUTE |
| Language of cataloging | spa |
| Transcribing agency | DO-CoUTE |
| 100 1# - MAIN ENTRY--PERSONAL NAME | |
| Personal name | García, Pelayo |
| Relator term | autor |
| 245 10 - TITLE STATEMENT | |
| Title | El pequeño Larousse ilustrado / |
| Statement of responsibility, etc. | Pelayo García |
| 250 ## - EDITION STATEMENT | |
| Edition statement | Decimotercera edición |
| 260 ## - PUBLICATION, DISTRIBUTION, ETC. | |
| Place of publication, distribution, etc. | México : |
| Name of publisher, distributor, etc. | Larousse, |
| Date of publication, distribution, etc. | 2007 |
| 300 ## - PHYSICAL DESCRIPTION | |
| Extent | 1824 páginas : |
| Other physical details | Fotos ; |
| Dimensions | 16x25cm |
| 504 ## - BIBLIOGRAPHY, ETC. NOTE | |
| Bibliography, etc. note | Incluye referencia bibliográfica e índice |
| 520 ## - SUMMARY, ETC. | |
| Summary, etc. | Combina un diccionario del idioma español con un diccionario geográfico y biográfico que ofrece material sobre personas, lugares, organizaciones y obras literarias, y enumera formas verbales, proverbios y otros datos. |
| 650 #4 - SUBJECT ADDED ENTRY--TOPICAL TERM | |
| Topical term or geographic name entry element | Enciclopedias y diccionarios, español |
| 942 ## - ADDED ENTRY ELEMENTS (KOHA) | |
| Source of classification or shelving scheme | Dewey Decimal Classification |
| Koha item type | Libros |
| Withdrawn status | Lost status | Source of classification or shelving scheme | Damaged status | Not for loan | Collection code | Home library | Current library | Shelving location | Date acquired | Inventory number | Total Checkouts | Full call number | Barcode | Date last seen | Copy number | Price effective from | Koha item type |
|---|---|---|---|---|---|---|---|---|---|---|---|---|---|---|---|---|---|
| Dewey Decimal Classification | Colección General | Biblioteca UTECO | Biblioteca UTECO | Procesos Técnicos | 10/02/2023 | R463.03 P421 | 022836 | R463.03 P421 | 10/02/2023 | Ej.1 | 10/02/2023 | Libros |
